[Event "TUR-chT"]
[Site "Konya"]
[Date "2010.07.02"]
[Round "6"]
[White "Melia, Salome"]
[Black "Zdebskaja, Natalia"]
[Result "1/2-1/2"]
[WhiteElo "2466"]
[BlackElo "2383"]
[PlyCount "62"]
[EventDate "2010.06.29"]
[EventType "team-tourn"]
[EventRounds "13"]
[EventCountry "TUR"]
[SourceTitle "CBM 137 Extra"]
[Source "ChessBase"]
[SourceDate "2010.09.01"]
[SourceVersion "1"]
[SourceVersionDate "2010.09.01"]
[SourceQuality "1"]

1. e4 c6 2. d4 d5 3. exd5 cxd5 4. c4 Nf6 5. Nc3 e6 6. Nf3 Bb4 7. cxd5 Nxd5 8. Bd2 Nc6 9. Bd3 0-0 10. 0-0 Be7 11. Qe2 Qb6 12. Na4 Nxd4 13. Bxh7+ Kh8 14. Qd3 Nxf3+ 15. Qxf3 Qd4 16. Bd3 Kg8 17. Qe4 Qxe4 18. Bxe4 Bd7 19. Nc3 Bc6 20. Bxd5 exd5 21. Be3 Bf6 22. Rad1 Bxc3 23. bxc3 Bb5 24. Rfe1 Bc4 25. a3 b6 26. Bd4 Rfe8 27. f3 f6 28. Kf2 Kf7 29. h4 Rxe1 30. Rxe1 Re8 31. Rxe8 Kxe8 1/2-1/2

[Event "TUR-chT"]
[Site "Konya"]
[Date "2010.07.01"]
[Round "4"]
[White "Topel, Zehra"]
[Black "Zdebskaja, Natalia"]
[Result "0-1"]
[WhiteElo "2226"]
[BlackElo "2383"]
[PlyCount "62"]
[EventDate "2010.06.29"]
[EventType "team-tourn"]
[EventRounds "13"]
[EventCountry "TUR"]
[SourceTitle "CBM 137 Extra"]
[Source "ChessBase"]
[SourceDate "2010.09.01"]
[SourceVersion "1"]
[SourceVersionDate "2010.09.01"]
[SourceQuality "1"]

1. d4 Nf6 2. c4 e6 3. Nf3 d5 4. Nc3 Bb4 5. e3 c5 6. dxc5 0-0 7. Be2 Nc6 8. cxd5 exd5 9. 0-0 Bxc5 10. Nb5 Ne4 11. Qa4 a6 12. Na3 b5 13. Qb3 Be6 14. Rd1 Qf6 15. Nc2 d4 16. Qd3 Bf5 17. Ncxd4 Bxd4 18. Nxd4 Bg6 19. Bf3 Nxf2 20. Qe2 Ne4 21. Nxc6 Qxc6 22. Bd2 Qb6 23. Bxe4 Bxe4 24. Bc3 Rad8 25. Bd4 Qg6 26. Rac1 Rd5 27. Rc5 Rfd8 28. Rxd5 Rxd5 29. Rd2 Bxg2 30. Qxg2 Rg5 31. Bxg7 Qb1+ 0-1

[Event "TUR-chT"]
[Site "Konya"]
[Date "2010.06.30"]
[Round "2"]
[White "Ozturk Orenli, Kubra"]
[Black "Zdebskaja, Natalia"]
[Result "1/2-1/2"]
[WhiteElo "2273"]
[BlackElo "2383"]
[PlyCount "73"]
[EventDate "2010.06.29"]
[EventType "team-tourn"]
[EventRounds "13"]
[EventCountry "TUR"]
[SourceTitle "CBM 137 Extra"]
[Source "ChessBase"]
[SourceDate "2010.09.01"]
[SourceVersion "1"]
[SourceVersionDate "2010.09.01"]
[SourceQuality "1"]

1. d4 Nf6 2. c4 e6 3. Nf3 d5 4. Nc3 dxc4 5. e3 a6 6. a4 c5 7. Bxc4 Nc6 8. 0-0 Be7 9. Qe2 cxd4 10. Rd1 e5 11. exd4 exd4 12. Nxd4 Nxd4 13. Qe5 Qd6 14. Qxd4 Qxd4 15. Rxd4 Bc5 16. Rd1 0-0 17. h3 Be6 18. Bxe6 fxe6 19. Be3 Bxe3 20. fxe3 Rfd8 21. Kf2 Kf7 22. Ke2 Ke7 23. a5 Rac8 24. Rxd8 Kxd8 25. Rd1+ Ke7 26. Rd4 Ne8 27. Kd3 Nd6 28. Ne4 Nf7 29. b4 Ne5+ 30. Kd2 Nc4+ 31. Ke2 Ne5 32. Nc5 Rc7 33. Re4 Kd6 34. Rd4+ Ke7 35. Re4 Kd6 36. Rd4+ Ke7 37. Re4 1/2-1/2

[Event "TUR-chT"]
[Site "Konya"]
[Date "2010.06.30"]
[Round "3"]
[White "Zdebskaja, Natalia"]
[Black "Yildiz Kadioglu, Betul Cemre"]
[Result "1/2-1/2"]
[WhiteElo "2383"]
[BlackElo "2229"]
[PlyCount "73"]
[EventDate "2010.06.29"]
[EventType "team-tourn"]
[EventRounds "13"]
[EventCountry "TUR"]
[SourceTitle "CBM 137 Extra"]
[Source "ChessBase"]
[SourceDate "2010.09.01"]
[SourceVersion "1"]
[SourceVersionDate "2010.09.01"]
[SourceQuality "1"]

1. e4 e5 2. Nf3 Nc6 3. Bb5 a6 4. Ba4 Nf6 5. 0-0 b5 6. Bb3 Bb7 7. Re1 Bc5 8. c3 d6 9. d4 Bb6 10. Be3 h6 11. h3 0-0 12. Nbd2 Re8 13. d5 Ne7 14. Bxb6 cxb6 15. a4 Qd7 16. c4 Ng6 17. Qe2 Nf4 18. Qe3 N6h5 19. Nh4 Qd8 20. Nf5 b4 21. Bd1 Nf6 22. Qg3 Ng6 23. c5 dxc5 24. Nc4 Bc8 25. Ncd6 Bxf5 26. Nxf5 Qd7 27. h4 Nxe4 28. Nxh6+ gxh6 29. Rxe4 Kh7 30. h5 Nf4 31. Rxf4 exf4 32. Bc2+ Kh8 33. Qxf4 Kg7 34. Rd1 Rad8 35. d6 Qe6 36. Rd3 Kf8 37. Rd1 1/2-1/2

[Event "EU-ch (Women) 11th"]
[Site "Rijeka"]
[Date "2010.03.16"]
[Round "10"]
[White "Zdebskaja, Natalia"]
[Black "Manakova, Maria"]
[Result "1-0"]
[WhiteElo "2390"]
[BlackElo "2315"]
[PlyCount "65"]
[EventDate "2010.03.06"]
[EventType "swiss"]
[EventRounds "11"]
[EventCountry "CRO"]
[SourceTitle "CBM 135 Extra"]
[Source "ChessBase"]
[SourceDate "2010.05.04"]
[SourceVersion "1"]
[SourceVersionDate "2010.05.04"]
[SourceQuality "1"]

1. e4 c5 2. Nf3 e6 3. d4 cxd4 4. Nxd4 Nc6 5. Nc3 a6 6. Be2 Qc7 7. 0-0 b5 8. Nxc6 dxc6 9. f4 Bb7 10. Be3 c5 11. f5 Bd6 12. fxe6 0-0-0 13. Nd5 Bxd5 14. exd5 Bxh2+ 15. Kh1 Nf6 16. exf7 h5 17. Qd3 Bd6 18. a4 Qe7 19. Bg5 c4 20. Qf5+ Rd7 21. Bxf6 gxf6 22. Qxf6 Qf8 23. axb5 Rh7 24. bxa6 Kb8 25. a7+ Ka8 26. Bxc4 Rhxf7 27. Bb5 Rxf6 28. Bc6+ Rb7 29. Bxb7+ Kxb7 30. Rxf6 Qa8 31. Rxd6 Kc7 32. Rf6 h4 33. Rf8 1-0

[Event "Hastings Masters op 85th"]
[Site "Hastings"]
[Date "2010.01.02"]
[Round "6"]
[White "Snape, Ian L"]
[Black "Zdebskaja, Natalia"]
[Result "0-1"]
[WhiteElo "2176"]
[BlackElo "2408"]
[PlyCount "80"]
[EventDate "2009.12.28"]
[EventType "swiss"]
[EventRounds "9"]
[EventCountry "ENG"]
[SourceTitle "CBM 134 Extra"]
[Source "ChessBase"]
[SourceDate "2010.03.03"]
[SourceVersion "1"]
[SourceVersionDate "2010.03.03"]
[SourceQuality "1"]

1. Nf3 Nf6 2. c4 e6 3. g3 a6 4. Bg2 b5 5. Ne5 Ra7 6. 0-0 d6 7. Nd3 bxc4 8. Qa4+ Bd7 9. Qxc4 c5 10. b3 Be7 11. Bb2 0-0 12. Na3 Nc6 13. e3 Qc7 14. Rac1 Rb8 15. Qc3 a5 16. Ra1 Nb4 17. Rfc1 Ne8 18. Nf4 Bf6 19. d4 cxd4 20. Qe1 Qd8 21. Nc4 d5 22. a3 dxc4 23. axb4 c3 24. Bxc3 dxc3 25. Nh5 Rxb4 26. Nxf6+ Qxf6 27. Rxc3 h6 28. Rd1 Qe7 29. h4 Nf6 30. Rcd3 Rc7 31. Qd2 Qc5 32. Bf3 Kf8 33. Qa2 Ke7 34. Qd2 Qc2 35. Rxd7+ Nxd7 36. Qd6+ Ke8 37. Qa6 Qc5 38. Qd3 Ke7 39. Kg2 g6 40. Rd2 Rb6 0-1

[Event "Hastings Masters op 85th"]
[Site "Hastings"]
[Date "2010.01.01"]
[Round "5"]
[White "Zdebskaja, Natalia"]
[Black "Nilsen, Joachim Birger"]
[Result "1/2-1/2"]
[WhiteElo "2408"]
[BlackElo "2126"]
[PlyCount "49"]
[EventDate "2009.12.28"]
[EventType "swiss"]
[EventRounds "9"]
[EventCountry "ENG"]
[SourceTitle "CBM 134 Extra"]
[Source "ChessBase"]
[SourceDate "2010.03.03"]
[SourceVersion "1"]
[SourceVersionDate "2010.03.03"]
[SourceQuality "1"]

1. e4 c5 2. Nc3 a6 3. Nf3 d6 4. d4 cxd4 5. Nxd4 Nf6 6. Bg5 e6 7. f4 Be7 8. Qf3 Qb6 9. 0-0-0 Nc6 10. Nxc6 Qxc6 11. Bd3 h6 12. Bh4 Bd7 13. Kb1 Qc7 14. e5 dxe5 15. fxe5 Bc6 16. Qe2 Nd5 17. Nxd5 Bxd5 18. Bxe7 Qxe7 19. c4 Bc6 20. Be4 Rc8 21. Rd6 Bxe4+ 22. Qxe4 0-0 23. Rhd1 b5 24. cxb5 axb5 25. Qb4 1/2-1/2

[Event "Hastings Masters op 85th"]
[Site "Hastings"]
[Date "2009.12.29"]
[Round "2"]
[White "Franklin, Samuel Gideon"]
[Black "Zdebskaja, Natalia"]
[Result "1/2-1/2"]
[WhiteElo "2139"]
[BlackElo "2408"]
[PlyCount "59"]
[EventDate "2009.12.28"]
[EventType "swiss"]
[EventRounds "9"]
[EventCountry "ENG"]
[SourceTitle "CBM 134 Extra"]
[Source "ChessBase"]
[SourceDate "2010.03.03"]
[SourceVersion "1"]
[SourceVersionDate "2010.03.03"]
[SourceQuality "1"]

1. e4 c5 2. Nf3 d6 3. d4 Nf6 4. Nc3 cxd4 5. Nxd4 a6 6. f3 e5 7. Nb3 Be6 8. Be3 h5 9. Qd2 Nbd7 10. a4 Be7 11. Be2 Rc8 12. a5 0-0 13. 0-0 Qc7 14. Rac1 Nc5 15. Nd5 Bxd5 16. exd5 Nxb3 17. cxb3 Qd7 18. Rc4 h4 19. Rfc1 h3 20. g3 Rxc4 21. bxc4 Rc8 22. b4 Bd8 23. Rd1 Qa4 24. Rc1 Qd7 25. Qd1 Rb8 26. Ba7 Ra8 27. Bf2 Rb8 28. Ba7 Ra8 29. Bf2 Rb8 30. Ba7 1/2-1/2

[Event "Palma de Mallorca op 4th"]
[Site "Palma de Mallorca"]
[Date "2009.11.22"]
[Round "3"]
[White "Burmakin, Vladimir"]
[Black "Zdebskaja, Natalia"]
[Result "1-0"]
[WhiteElo "2602"]
[BlackElo "2408"]
[PlyCount "95"]
[EventDate "2009.11.21"]
[EventType "swiss"]
[EventRounds "9"]
[EventCountry "ESP"]
[SourceTitle "EXT 2011"]
[Source "ChessBase"]
[SourceDate "2010.11.26"]
[SourceVersion "1"]
[SourceVersionDate "2010.11.26"]
[SourceQuality "1"]

1. Nf3 Nf6 2. c4 e6 3. g3 a6 4. Bg2 b5 5. b3 c5 6. Nc3 Qb6 7. e3 Bb7 8. Qe2 Ne4 9. Nxe4 Bxe4 10. 0-0 Be7 11. Bb2 bxc4 12. Qxc4 Qb7 13. Qe2 0-0 14. d3 Bc6 15. Rfc1 d6 16. e4 Nd7 17. Nd2 a5 18. d4 cxd4 19. Bxd4 e5 20. Be3 Nf6 21. Bg5 h6 22. Bxf6 Bxf6 23. Nc4 Rfd8 24. Qe1 Bg5 25. Rc2 Qb5 26. h4 Be7 27. Rac1 Bd7 28. Bf1 Be6 29. Nxd6 Qd7 30. Nc4 Bb4 31. Qe2 Bxc4 32. Rxc4 Ba3 33. R1c2 Qd1 34. Rc7 Qxe2 35. Bxe2 Bd6 36. R7c6 Kf8 37. Bc4 Ke7 38. Bd5 Ra7 39. Rb6 Rb8 40. Rbc6 Rd8 41. R2c4 Rdd7 42. Rb6 Rac7 43. Bxf7 Bc5 44. Rb5 Rd1+ 45. Kg2 Kd6 46. Rc2 Rd4 47. Bd5 a4 48. b4 1-0

[Event "Waling Dijkstra Gr-A"]
[Site "Leeuwarden"]
[Date "2009.11.13"]
[Round "1"]
[White "Zdebskaja, Natalia"]
[Black "Nicolai, Amir"]
[Result "1/2-1/2"]
[WhiteElo "2408"]
[BlackElo "1847"]
[PlyCount "84"]
[EventDate "2009.11.13"]
[EventType "swiss"]
[EventRounds "6"]
[EventCountry "NED"]
[SourceTitle "EXT 2010"]
[Source "ChessBase"]
[SourceDate "2010.11.25"]
[SourceVersion "1"]
[SourceVersionDate "2010.11.25"]
[SourceQuality "1"]

1. e4 c5 2. Nf3 Nc6 3. Nc3 g6 4. d4 cxd4 5. Nxd4 Bg7 6. Nde2 Nf6 7. g3 0-0 8. Bg2 d6 9. 0-0 Be6 10. a4 Rc8 11. Nd5 Ne5 12. Ra2 Nxd5 13. exd5 Bg4 14. h3 Bxe2 15. Qxe2 Qc7 16. b3 Rfe8 17. Be3 Nd7 18. a5 Bc3 19. a6 b6 20. h4 Rb8 21. Qb5 Ne5 22. Ra4 Qd7 23. Qe2 b5 24. Ra2 Qc7 25. f4 Nd7 26. Qf2 Nc5 27. f5 Rf8 28. h5 gxf5 29. Qxf5 f6 30. Bh6 Rf7 31. g4 Qc8 32. Be4 Nxe4 33. Qxe4 Qc5+ 34. Be3 Qc7 35. g5 Qd7 36. g6 hxg6 37. hxg6 Rg7 38. Bh6 Qh3 39. Bxg7 Qg3+ 40. Kh1 Qh3+ 41. Kg1 Qg3+ 42. Kh1 Qh3+ 1/2-1/2

[Event "EU-chT (Women) 08th"]
[Site "Novi Sad"]
[Date "2009.10.28"]
[Round "7"]
[White "Lakos, Nikoletta"]
[Black "Zdebskaja, Natalia"]
[Result "1/2-1/2"]
[WhiteElo "2316"]
[BlackElo "2410"]
[PlyCount "35"]
[EventDate "2009.10.22"]
[EventType "team-swiss"]
[EventRounds "9"]
[EventCountry "YUG"]
[SourceTitle "EXT 2010"]
[Source "ChessBase"]
[SourceDate "2010.11.25"]
[SourceVersion "1"]
[SourceVersionDate "2010.11.25"]
[SourceQuality "1"]
[WhiteTeam "Hungary (W)"]
[BlackTeam "Ukraine (W)"]
[WhiteTeamCountry "HUN"]
[BlackTeamCountry "UKR"]

1. e4 c5 2. Nf3 d6 3. d4 Nf6 4. Nc3 cxd4 5. Nxd4 a6 6. Bc4 e6 7. Bb3 Nbd7 8. Bg5 Qa5 9. Bxf6 Nxf6 10. 0-0 Nd7 11. f4 Nc5 12. f5 Bd7 13. Kh1 0-0-0 14. a3 Nxb3 15. cxb3 Be7 16. b4 Qb6 17. Qd3 Kb8 18. Rad1 1/2-1/2

[Event "EU-chT (Women) 08th"]
[Site "Novi Sad"]
[Date "2009.10.26"]
[Round "5"]
[White "Khurtsidze, Nino"]
[Black "Zdebskaja, Natalia"]
[Result "1/2-1/2"]
[WhiteElo "2420"]
[BlackElo "2410"]
[PlyCount "40"]
[EventDate "2009.10.22"]
[EventType "team-swiss"]
[EventRounds "9"]
[EventCountry "YUG"]
[SourceTitle "EXT 2010"]
[Source "ChessBase"]
[SourceDate "2010.11.25"]
[SourceVersion "1"]
[SourceVersionDate "2010.11.25"]
[SourceQuality "1"]
[WhiteTeam "Georgia (W)"]
[BlackTeam "Ukraine (W)"]
[WhiteTeamCountry "GEO"]
[BlackTeamCountry "UKR"]

1. d4 Nf6 2. c4 e6 3. Nf3 d5 4. e3 a6 5. a3 dxc4 6. Bxc4 b5 7. Bd3 Bb7 8. 0-0 Nbd7 9. Qe2 c5 10. dxc5 Nxc5 11. Bc2 Bd6 12. Nc3 Nce4 13. Nxe4 Nxe4 14. Rd1 Qc7 15. Bxe4 Bxe4 16. Ng5 Bb7 17. Qh5 g6 18. Qh3 0-0-0 19. Bd2 Kb8 20. Bc3 e5 1/2-1/2